00934nam a2200241 a 4500999001500000001000600015003000900021005001700030008004100047040003800088082002400126245006100150260004500211300002200256504004100278505001200319650004300331700002200374710002700396942001500423952012700438952012700565 c1849d184919492BD-DhUAP20210127093638.0200216s1993 bg b 00| 0 eng d aBD-DhUAPcBD-DhUAPbEngdBD-DhUAP00223a348.5492046 BAN aBangladesh legal decisions /cedited by Tabarak Hussain. aDhaka :bBangladesh bar council,cc1999. avolumes ;c24 cm. aIncludes bibliographical references. aV. 19-- aLaw reports, digests, etczBangladesh. aHussain, Tabarak  aBangladesh Bar Council00012ddccBK 00102ddc4070aUAPCLbUAPCLcGeneral Stacksd2020-02-17o348.5492046 BAN V-19p3010019492r2020-02-17t1w2020-02-17yBK 00102ddc4070aUAPCLbUAPCLcGeneral Stacksd2020-02-17o348.5492046 BAN V-19p3010009579r2020-02-17t2w2020-02-17yBK